Visualizzazione normale
Vista MARC
- Casassas i Ymbert, Jordi,
di Personal Name
Records bibliografici associati: 4
001 - CONTROL NUMBER
- control field: 17215
003 - CONTROL NUMBER IDENTIFIER
- control field: IT-RoINE
005 - DATE AND TIME OF LATEST TRANSACTION
- control field: 20150310082933.0
008 - FIXED-LENGTH DATA ELEMENTS
- fixed length control field: 150310|| aca||aabn | a|a d
040 ## - CATALOGING SOURCE
- Original cataloging agency: IT-RoINE
- Transcribing agency: IT-RoINE
100 ## - HEADING--PERSONAL NAME
- Personal name: Casassas i Ymbert, Jordi,
- Dates associated with a name: 1948-
670 ## - SOURCE DATA FOUND
- Source citation: Work cat.: (IT-RoINE)0: Casassas i Ymbert, Jordi, 1948-, L'Ateneu Barcelonès :, 1986.